000 01309nam a22003495i 4500
001 21380168
003 EG-ScBUE
005 20220303131106.0
008 200108s2021 moua f b 001 0 eng d
020 _a9780323391559
040 _aDLC
_beng
_erda
_cDLC
_dEG-ScBUE
082 0 4 _222
_a617.692
_bMIS
245 0 0 _aMisch's contemporary implant dentistry /
_cRandolph R. Resnik.
250 _aFourth edition.
264 1 _aSt. Louis :
_bElsevier,
_c2021.
300 _axv, 1241 pages :
_bcolor illustrations ;
_c30 cm
336 _atext
_btxt
_2rdacontent
337 _aunmediated
_bn
_2rdamedia
338 _avolume
_bnc
_2rdacarrier
504 _aIncludes bibliographical references and index.
520 _a"Misch's Contemporary Implant Dentistry, authored by Dr. Randolph R. Resnik, is a classic guide for the student and the young practitioner and a valuable reference for well-experienced clinicians"--
_cProvided by publisher.
650 7 _aDental implants.
_2BUEsh
650 7 _aDental Implantation.
_2BUEsh
650 7 _aDental Implants.
_2BUEsh
653 _bDDENT
_cMarch2022
655 _vReading book
_934232
700 1 _aResnik, Randolph R.,
_eeditor.
906 _a0
_bibc
_corignew
_d2
_eepcn
_f20
_gy-gencatlg
942 _2ddc
_cBB
999 _c29845
_d29816